Films avec Pierre Niney par image - Statistiques

Statistiques générales
  • Ce quiz a été pris 634 fois
    544 depuis la dernière actualisation
  • Le résultat moyen est 8 sur 16
Statistiques - réponses
Par images Réponse % Correct
20 ans d’écart
87%
OSS 117 : Alerte rouge en Afrique noire
85%
Yves Saint Laurent
84%
Five
83%
Boîte Noire
75%
LOL
67%
Sauver ou Périr
60%
Mascarade
43%
Le Livre des solutions
41%
Goliath
40%
Un homme idéal
38%
Frantz
36%
Comme des frères
22%
L'Odyssée
21%
J'aime regarder les filles
19%
Amants
18%
Aucun quiz correspondant
Distribution des résultats
% des personnes avec chaque résultat
Percentile par nombre de réponses
Votre historique - résultats
Vous n’avez pas pris ce quiz depuis la dernière actualisation